| 000 | 00671nam a2200181Ii 4500 | ||
|---|---|---|---|
| 003 | JO-AjNU | ||
| 008 | 230605s9999||||xx |||||||||||||| ||und|| | ||
| 040 |
_aJO-AjNU _bara _erda _cJO-AjNU |
||
| 041 | _aara | ||
| 050 | 1 | 4 | _aP40.S57 1996 |
| 100 | 3 |
_aشتا,علي تأليف, _eauthor _921006 |
|
| 245 | 0 | 0 | _aعلم الاجتماع اللغوي |
| 264 | 3 | 1 | _aالاسكندرية:مؤسسة شباب الجامعة للطباعة والنشر والتوزيع,1996 |
| 336 |
_atext _btxt _2rdacontent |
||
| 337 |
_aunmediated _bn _2rdamedia |
||
| 338 |
_avolume _bnc _2rdacarrier |
||
| 650 | 4 |
_aعلم الاجتماع-علم الاجتماع اللغوي-اللغة _921007 |
|
| 999 |
_aA7225 _c10793 _d10793 |
||